Resumen de la ponencia en el Taller Seminario Técnico sobre Negociaciones de Convenios Internacionales de Productos Básicos por la unión de países exportadores de banano (UPES) /

El documento presenta la conferencia presentada en el Taller Seminario sobre negociaciones de convenios internacionales de productos básicos, presentado por Joao Oliviera Santos. En esta conferencia se toca el tema de los acuerdos y convenios para la exportación de productos básicos.

Guardat en:
Dades bibliogràfiques
Autor principal: Santos, Joao Oliveira
Autor corporatiu: Taller-Seminario Técnico sobre negociaciones de Convenios Internacionales de Productos Básicos
Format: Actes de congresos
Publicat: Costa Rica : OEA, 1975
Matèries:
Etiquetes: Afegir etiqueta
Sense etiquetes, Sigues el primer a etiquetar aquest registre!

MARC

LEADER 00000 a2200000 04500
001 49385
003 cru CIDCACS/IIS
005 20220808101943.0
008 050528s1975 cr r |1 sp||d | |
020 |a [sin ISBN]  
022 |a [sin ISBN]  
040 |c CRAI/IIS  |a CRAI/IIS 
090 |a 09.05.02 O48r 
100 |a Santos, Joao Oliveira  
245 1 |a Resumen de la ponencia en el Taller Seminario Técnico sobre Negociaciones de Convenios Internacionales de Productos Básicos por la unión de países exportadores de banano (UPES) /   |c Joao Oliveira Santos  
260 |a Costa Rica :   |b OEA,  |c 1975 
300 |a 8 páginas  
520 |a El documento presenta la conferencia presentada en el Taller Seminario sobre negociaciones de convenios internacionales de productos básicos, presentado por Joao Oliviera Santos. En esta conferencia se toca el tema de los acuerdos y convenios para la exportación de productos básicos. 
650 0 |9 95  |a EXPORTACIONES 
650 0 |9 3470  |a CONVENIOS SOBRE PRODUCTOS BASICOS 
650 0 |9 3454  |a PRODUCTOS BÁSICOS 
651 4 |9 1846  |a CUBA 
711 |a Taller-Seminario Técnico sobre negociaciones de Convenios Internacionales de Productos Básicos.  
711 |d (1975 setiembre 17-27 :  
711 |c San José, Costa Rica)  
942 |2 ddc  |c LI 
999 |c 4493  |d 4493